000 01418nam a22002057a 4500
003 OSt
005 20241018103338.0
008 241018s2022 ag ||||| |||| 00| 0 spa d
020 _a9789877389258
040 _cbesoc
100 1 _aSacheri, Eduardo,
_d1967-
_eautor
245 1 4 _aLos días de la revolución :
_bUna historia de Argentina cuando no era Argentina (1806-1820) /
_cEduardo Sacheri
260 _aBuenos Aires :
_bAlfaguara,
_c2022
300 _a287 p.
505 0 _aContiene: Primer acto: Cómo construir un imperio -- 1. El siglo XV: Europa pasa a la ofensiva -- 2. La construcción del Imperio Español -- 3. Las reformas borbónicas -- 4. El Virreinato del Río de la Plata -- Segundo acto: Los días de la Revolución -- 5. Francia y Napoleón -- 6. Las Invasiones Inglesas -- 7. La crisis de España en 1808 -- 8. El Río de la Plata en vísperas de la Revolución -- 9. Los días de Mayo -- Tercer acto: Errante en las sombras -- 10. La soledad de la Revolución -- 11. La nueva definición del poder -- 12. La guerra y el ejército -- 13. Los frentes de la guerra -- 14. La evolución de la política -- 15. Sociedad y economía de guerra -- 16. El derrumbe de 1820.
650 4 _aArgentina
_xHistoria
_y1810, Revolución de Mayo
650 4 _aArgentina
_xHistoria
_y1810-1816, Guerras de Independencia
650 4 _aArgentina
_xHistoria
_y1776-1816, Virreinato del Río de la Plata
942 _2udc
_cOG
_n0
999 _c362
_d362